000 01009nam a2200277 c 4500
999 _c341880
_d341880
003 BLK
005 20200424125814.0
008 180911b bul|||||r ||||||| ||bul||
010 _a001512
040 _aBLK
041 _aBUL
_cBUL
080 _z949.72
100 1 _aМАДЖАРОВ, Михаил
_eпърви автор
_9397973
245 0 0 _aИзточна Румелия
246 _aИсторически преглед
260 _aСофия
_bС. М. Стайков
_c1925
300 _a368 с
_c21 см
380 _a9
490 _aЧастна колекция - Академик Михаил Арнаудов
_gДарение - Основен фонд
500 _aМихаил Арнаудов: подпис. - Автограф с текст: Г-ну професору М. Арнаудову. С поздрав и почитание. Авторът.
655 _aбългарска история
_9396199
700 1 _aМих. Ив. Маджаров
_9397974
852 _aМА 1260
_bМА
942 _cKNG
_n0
_s1
944 _aCR
_c1996
_kValK
999 _d341880
999 _d341880